000 01095 a2200241 4500
999 _c11274
_d11274
020 _a9781284048902
050 _aRT81.5
_bSCH 2015
245 _aEvidence-Based Practice for Nurses:
_bappraisal and application of research/
_cedited by Nola A. Schmidt and Janet M. Brown
250 _aThird edition
264 _aBurlington:
_bJones and Bartlett;
_c2015
300 _axxviii, 577 pages;
336 _2rdacontent
_atext
_btxt
337 _2rdamedia
_aunmediated
_bn
338 _2rdacarrier
_avolume
_bnc
500 _aIncludes bibliographical references, glossary and index
505 _aUnit 1: Introduction to evidence based practice; Unit 2: Acquisition of knowledge; Unit 3: Persuasion; Unit 4: Decision; Unit 5: Implementation
520 _aDrives comprehension through various strategies that meet the learning needs of students, while also generating enthusiasm about the topic
650 _aNursing Research-methods
650 _aEvidence-Based Nursing
700 _aSchmidt, Nola A.
_eeditor
700 _aBrown, Janet M.
_eeditor
942 _2lcc
_cBK
_eThird edition
_h81.5
_iSCH
_kRT